College Football Starting Quarterbacks 2019 - Statistics

General Stats
  • This quiz has been taken 412 times
    336 since last reset
  • The average score is 14 of 74
Answer Stats
School Answer % Correct
Clemson Trevor Lawrence
87%
LSU Joe Burrow
78%
Alabama Tua Tagovailoa
76%
Ohio State Justin Fields
67%
Oklahoma Jalen Hurts
65%
Auburn Bo Nix
51%
Georgia Jake Fromm
48%
Oregon Justin Herbert
46%
Florida Kyle Trask
43%
North Carolina Sam Howell
37%
Pitt Kenny Pickett
33%
Michigan Shea Patterson
32%
Texas A&M Kellen Mond
31%
Iowa State Brock Purdy
30%
Notre Dame Ian Book
30%
Arizona State Jayden Daniels
30%
Texas Sam Ehlinger
29%
Penn State Sean Clifford
27%
Utah State Jordan Love
26%
Miami Jarren Williams
25%
Nebraska Adrian Martinez
24%
Maryland Josh Jackson
24%
Kansas State Skylar Thompson
22%
UCLA Dorian Thompson-Robinson
21%
Virginia Tech Hendon Hooker
18%
Missouri Kelly Bryant
18%
Oklahoma State Dru Brown
16%
TCU Max Duggan
16%
Baylor Charlie Brewer
15%
UCF Dillion Gabriel
15%
Washington Jacob Eason
15%
USC Kedon Slovis
15%
Minnesota Tanner Morgan
15%
Wisconsin Jack Coan
14%
Louisville Malik Cunningham
13%
Iowa Nate Stanley
13%
Michigan State Brian Lewerke
12%
Florida State James Blackman
12%
Ole Miss John Rhys Plumlee
12%
Memphis Brady White
11%
Kansas Carter Stanley
11%
Tennessee Jarrett Guarantano
11%
South Carolina Ryan Hilinski
11%
Virginia Bryce Perkins
10%
Stanford KJ Costello
10%
Syracuse Tommy DeVito
10%
Utah Tyler Huntley
10%
Hawaii Cole McDonald
9%
Arizona Khalil Tate
9%
SMU Shane Buechele
9%
Washington State Anthony Gordon
8%
Kentucky Lynn Bowden
8%
Indiana Peyton Ramsey
8%
NC State Devin Leary
7%
Illinois Brandon Peters
6%
Wake Forest Jaime Newman
6%
Vanderbilt Riley Neal
6%
Colorado Steven Montez
6%
North Texas Mason Fine
5%
Duke Quentin Harris
5%
Mississippi State Tommy Stevens
5%
Boise State Hank Bachmeier
4%
Purdue Jack Plummer
4%
Arkansas Ben Hicks
3%
USF Blake Barnett
3%
Cal Chase Garbers
3%
Oregon State Jake Luton
3%
Texas Tech Jett Duffey
3%
Temple Anthony Russo
2%
Georgia Tech James Graham
2%
Rutgers Johnny Langan
2%
Northwestern Andrew Marty
1%
Boston College Dennis Grosel
1%
West Virginia Jarret Doege
1%
No matching quizzes found
Score Distribution
Percent of People with Each Score
Percentile by Number Answered
Your Score History
You have not taken this quiz since the last reset